Groupes Coupe d'Afrique des Nations 2019 - Statistiques

Statistiques générales
  • Ce quiz a été pris 312 fois
  • Le résultat moyen est 20 sur 24
Statistiques - réponses
Groupe A % Correct
Algérie
99%
Maroc
98%
Egypte
97%
Sénégal
95%
Tunisie
95%
Afrique du Sud
93%
Nigéria
93%
Côte d'Ivoire
90%
Guinée
88%
Cameroun
86%
Mali
86%
Tanzanie
81%
Ghana
80%
Madagascar
80%
Kenya
79%
Bénin
77%
Mauritanie
75%
RD Congo
75%
Zimbabwe
73%
Angola
71%
Guinée-Bissau
67%
Namibie
63%
Ouganda
63%
Burundi
51%
Aucun quiz correspondant
Distribution des résultats
% des personnes avec chaque résultat
Percentile par nombre de réponses
Votre historique - résultats
Vous n’avez pas pris ce quiz